How the ostrich got its long neck : a tale from the Akamba of Kenya /

A tale from the Akamba people of Kenya that explains why the ostrich has such a long neck.

Bibliographic Details
Main Author: Aardema, Verna
Other Authors: Brown, Marcia (Illustrator)
Format: Book
Language:English
Published: New York : Scholastic, [1995]
Subjects:

MARC

Tag First Indicator Second Indicator Subfields
LEADER 00000cam a2200000 a 4500
001 in00001409901
005 20151020070413.0
008 940901s1995 nyua j 000 0 eng
010 |a  94033642  
020 |a 0590483676 :  |c $14.95 
035 |a (OCoLC)31286586 
035 |9 AHP8838AM 
040 |a DLC  |c DLC  |d UtOrBLW 
049 |a TXAG 
050 0 0 |a PZ8.1.A213  |b Ho 1995 
082 0 0 |a 398.2/0967620452851  |a E  |2 20 
100 1 |a Aardema, Verna. 
245 1 0 |a How the ostrich got its long neck :  |b a tale from the Akamba of Kenya /  |c retold by Verna Aardema ; illustrated by Marcia Brown. 
264 1 |a New York :  |b Scholastic,  |c [1995] 
264 4 |c ©1995 
300 |a 1 volume (unpaged) :  |b color illustrations ;  |c 29 cm. 
336 |a text  |b txt  |2 rdacontent 
337 |a unmediated  |b n  |2 rdamedia 
338 |a volume  |b nc  |2 rdacarrier 
520 |a A tale from the Akamba people of Kenya that explains why the ostrich has such a long neck. 
650 1 |a Kamba (African people)  |x Folklore. 
650 1 |a Folklore  |z Kenya. 
700 1 |a Brown, Marcia,  |e illustrator. 
999 |a MARS 
999 f f |s 1b220777-a477-31b3-8157-10f272a1ff3c  |i d489f2c6-0ac9-38cb-9684-78897d738a6c  |t 0 
952 f f |p normal  |a Texas A&M University  |b College Station  |c Sterling C. Evans Library  |d Evans: Curriculum Collection (4th floor)  |t 0  |e PZ8.1.A213 Ho 1995  |h Library of Congress classification  |i unmediated -- volume  |m A14822370737 
998 f f |a PZ8.1.A213 Ho 1995  |t 0  |l Evans: Curriculum Collection (4th floor)